| 000 | 00461nam a2200181 4500 | ||
|---|---|---|---|
| 001 | 121109 | ||
| 003 | ES-MaACL | ||
| 005 | 20230906191706.0 | ||
| 007 | t| | ||
| 008 | 070214s1951 sp r ||||1| spa d | ||
| 245 | 0 | 0 | _aPresencia de Curros y DÂȘ Emilia. |
| 260 |
_a[S. l.] : _bGalaxia, _c1951. |
||
| 300 |
_a117 p. ; _c24 cm. |
||
| 490 | 1 |
_aGrial ; _v3 |
|
| 830 | 0 |
_aGrial ; _v3 _9186498 |
|
| 852 |
_aES-MaACL _jD-7998 _bR.31892 |
||
| 999 |
_c121109 _d121109 |
||